MARC details
| 000 -LEADER |
| fixed length control field |
01064nam a2200253Ia 4500 |
| 003 - CONTROL NUMBER IDENTIFIER |
| control field |
IN-BaIIA |
| 008 - FIXED-LENGTH DATA ELEMENTS--GENERAL INFORMATION |
| fixed length control field |
211028s9999 xx 000 0 eng d |
| 020 ## - INTERNATIONAL STANDARD BOOK NUMBER |
| International Standard Book Number |
0-7923-0880-8 |
| 040 ## - CATALOGING SOURCE |
| Transcribing agency |
IIA Library |
| 080 ## - UNIVERSAL DECIMAL CLASSIFICATION NUMBER |
| Universal Decimal Classification number |
082.2:52 |
| Item number |
IAU-S142 |
| 111 ## - MAIN ENTRY--MEETING NAME |
| Meeting name or jurisdiction name as entry element |
Symposium on Basic Plasma Processes on the Sun of the International Astronomical Union |
| Number of part/section/meeting |
142nd |
| Location of meeting |
Bangalore, India |
| Date of meeting or treaty signing |
1989 Dec. 1-5 |
| 9 (RLIN) |
17032 |
| 245 #0 - TITLE STATEMENT |
| Title |
Basic plasma processes on the sun |
| Remainder of title |
proceedings of the 142th symposium on basic plasma processes on the Sunof the International Astronomical Union Held in Bangalore, India, December 1-5, 1989 |
| Statement of responsibility, etc. |
edited by E. R. Priest and V. Krishan |
| 260 ## - PUBLICATION, DISTRIBUTION, ETC. |
| Place of publication, distribution, etc. |
Dordrecht |
| Name of publisher, distributor, etc. |
Kluwer Academic |
| Date of publication, distribution, etc. |
1990 |
| 300 ## - PHYSICAL DESCRIPTION |
| Extent |
xi, 540p. |
| 490 ## - SERIES STATEMENT |
| Series statement |
IAU Symposium; no. 142 |
| 650 ## - SUBJECT ADDED ENTRY--TOPICAL TERM |
| Topical term or geographic name entry element |
Astronomy and Astrophysics Thesaurus |
| 650 ## - SUBJECT ADDED ENTRY--TOPICAL TERM |
| Topical term or geographic name entry element |
Plasmas |
| 9 (RLIN) |
1898 |
| 650 ## - SUBJECT ADDED ENTRY--TOPICAL TERM |
| Topical term or geographic name entry element |
Solar Plasmas |
| 9 (RLIN) |
16896 |
| 650 ## - SUBJECT ADDED ENTRY--TOPICAL TERM |
| Topical term or geographic name entry element |
Space Plasmas |
| 9 (RLIN) |
10937 |
| 650 ## - SUBJECT ADDED ENTRY--TOPICAL TERM |
| Topical term or geographic name entry element |
Sun |
| 9 (RLIN) |
1200 |
| 700 ## - ADDED ENTRY--PERSONAL NAME |
| Personal name |
Krishan, V., ed. |
| 9 (RLIN) |
17033 |
| 700 ## - ADDED ENTRY--PERSONAL NAME |
| Personal name |
Priest, E. R., ed. |
| 9 (RLIN) |
14972 |
| 942 ## - ADDED ENTRY ELEMENTS (KOHA) |
| Koha item type |
Books |